000 00559nam a2200193Ia 4500
003 GCL
008 140319s9999 xx 000 0 ara d
020 _a122809977
040 _aGCL /
_cGCL
082 0 4 _a928.1
_bح ي
100 1 _aحنان مفيد
245 1 0 _aيوسف السباعى - سبعة وجوه /
_cحنان مفيد
250 _aالاولى
260 _aالقاهرة :
_bدار الشروق ،
_c2005
300 _a350 ص ؛
_c24 سم
650 0 4 _aيوسف السباعى
650 0 4 _aالادباء - تراجم
942 _2ddc
_cBK
999 _c8193
_d8193